Language Quiz

Random Language or Letter Quiz

Keep 'YR' Word Quiz Stats

 Plays Quiz Updated Nov 21, 2019

Support Sporcle.
Go Orange.
Score 0/30 Timer 07:00
1 Play Today
Clue Answer % Correct
Words of songslyrics
95.8%
Pancake topping
(and a Buddy the Elf food group)
syrup
90.4%
Hannah Montana portrayerMiley Cyrus
87.2%
One who gives his life for a causemartyr
86.8%
Ancient Egypt landmarkpyramid
80.5%
Gold, frankincense and _____myrrh
76.4%
Bashar al-Assad has managed to withstand the uprising in this country, for nowSyria
72.7%
©copyright
72.6%
The 'T' of T-RexTyrannosaurus
68%
Ancient Egypt writing materialpapyrus
67.7%
Stringed instrument of antiquitylyre
61.6%
Pita sandwichgyro
60.9%
Mazelabyrinth
58.1%
Mountain range that separates France and SpainPyrenees
49.4%
Gland located in the neckthyroid
48.9%
Clue Answer % Correct
Charlotte Brontë novelJane Eyre
48.9%
Oppressive dictatortyrant
48.7%
Mineral known as Fool's Goldpyrite
47.3%
Alphabet on which Russian is basedCyrillic
46.1%
French play about a duelist with a very large noseCyrano de Bergerac
41%
Mythical (and musical) goat creaturesatyr
39.3%
Singers of 'Turn! Turn! Turn!'The Byrds
38.1%
Sporcle's favorite countryKyrgyzstan
37.9%
City in Sicily and upstate New YorkSyracuse
34.8%
Name of the conspiracy to assassinate Hitler and remove the Nazi party from powerValkyrie
29.8%
Gentle windzephyr
29.2%
Rotate on an axisgyrate
27.9%
British romantic poet who wrote
'She Walks in Beauty'
Lord Byron
27%
Setting for 'The Legend of Zelda'Hyrule
19.5%
Countless numbermyriad
17.4%

From the Vault

Literature... By 14 Other Categories!

by SporcleEXP

You gotta leverage your strong category to help you with the other ones.
Remove Ads.
Support Sporcle.
Get the best of Sporcle when you Go Orange. This ad-free experience offers more features, more stats, and more fun while also helping to support Sporcle. Thank you for becoming a member.

Show Comments

Extras

Top Quizzes Today


Score Distribution

Your Account Isn't Verified!

In order to create a playlist on Sporcle, you need to verify the email address you used during registration. Go to your Sporcle Settings to finish the process.

Report this User

Report this user for behavior that violates our Community Guidelines.

Details: